000 01105nam a22002777a 4500
005 20180213104738.0
008 131126b xxu||||| |||| 00| 0 pun d
010 _aPUN- B-578065-068 B-669999
020 _c250.00
_a9789350177532
035 _aPN- B-578065-068
035 _aB-669999
037 _bDBAD / PUB
037 _bUnistar Books
037 _bBPPD/VEN/Reserchkoo Boks
040 _adpl
_bpn
082 _a
100 _aਇੰਦਰ ਸਿੰਘ ਖ਼ਾਮੋਸ਼
245 _aਕਰਜ਼ਈ ਸੁਪਨੇ /
_cਇੰਦਰ ਸਿੰਘ ਖ਼ਾਮੋਸ਼
246 _aKarzaee Supne
_bby Inder Singh Khamosh
260 _aChandigarh
_bUnistar Books
_c2011
270 _bChandigarh
_asco-26-27, sector-34 A
_k0172-5077427- 9815471219
_e160022
300 4 _a235p.
_c22ਸੇਂਮੀ (ਸਜਿਲੱਦ)
942 _2ddc
_cPN
_h
_mਇੰਦਰ
999 _c88016
_d88016